000 00562nam a2200217Ia 4500
003 OSt
005 20220926033929.0
006 a|||||r|||| 00| 0
007 ta
008 220923b |||||||| |||| 00| 0 eng d
037 _cGeneral Book
040 _aRTL
_cRTL
_beng
041 _2eng
_aeng
082 _aX65, L8
100 _aVancaspel Venita
_9335181
245 0 _aNew Money dynamics
260 _aVirginia
_bReston
_c1978
300 _axvi, 461p
_ccm.
942 _hX65, L8
_cGB
_2CC
999 _c658335
_d658335